Nuestra nueva Medellín : (Registro nro. 7449)
[ vista simple ]
| 000 -LEADER | |
|---|---|
| fixed length control field | 01695nam a22002777a 4500 |
| 003 - CONTROL NUMBER IDENTIFIER | |
| control field | OSt |
| 005 - DATE AND TIME OF LATEST TRANSACTION | |
| control field | 20210304153956.0 |
| 008 - FIXED-LENGTH DATA ELEMENTS--GENERAL INFORMATION | |
| fixed length control field | 210304b2015 ck aobegr|||| 00| 0 spa d |
| 020 ## - INTERNATIONAL STANDARD BOOK NUMBER | |
| International Standard Book Number | 9789584677365 |
| 040 ## - CATALOGING SOURCE | |
| Original cataloging agency | CO-JMCR |
| Transcribing agency | CO-JMCR |
| 041 0# - LANGUAGE CODE | |
| Language code of text/sound track or separate title | spa |
| 082 04 - DEWEY DECIMAL CLASSIFICATION NUMBER | |
| Classification number | 711.40986126 / |
| Item number | G283n |
| Edition number | 23 |
| 100 1# - MAIN ENTRY--PERSONAL NAME | |
| Personal name | Gaviria Correa, Anibal, |
| Relator term | autor |
| 9 (RLIN) | 14391 |
| 245 10 - TITLE STATEMENT | |
| Title | Nuestra nueva Medellín : |
| Remainder of title | nuevo Naranjal / |
| Statement of responsibility, etc. | autores, Aníbal Gaviria Correa, Margarita María Ángel Bernal |
| 250 ## - EDITION STATEMENT | |
| Edition statement | Primera edición |
| 260 ## - PUBLICATION, DISTRIBUTION, ETC. | |
| Place of publication, distribution, etc. | [Medellín] : |
| Name of publisher, distributor, etc. | Empresa de Desarrollo Urbano, |
| Date of publication, distribution, etc. | 2015 |
| 300 ## - PHYSICAL DESCRIPTION | |
| Extent | 199 páginas : |
| Other physical details | ilustraciones, fotografías, gráficos, mapas y planos color ; |
| Dimensions | 30 cm. |
| 500 ## - GENERAL NOTE | |
| General note | Incluye datos biográficos de los autores y glosario. |
| 504 ## - BIBLIOGRAPHY, ETC. NOTE | |
| Bibliography, etc. note | Bibliografía: p. 193-194 |
| 505 0# - FORMATTED CONTENTS NOTE | |
| Formatted contents note | Otrabanda. Historia de caminos, lugares de encuentro y futuros inciertos -- El barrio Naranjal y el centro expandido de Medellín -- La Plaza de Toros La Macanera y su transformación en Centro de Espectáculos -- La vieja fabrica Tejicóndor y su conversión en tiendas comerciales de gran formato (Makro, Home Center, Tugó, Jumbo) -- El proyecto urbano y arquitectónico, transformación y renovación física y social (concepción, diseño, gestión, construcción, habitabilidad y sostenibilidad) -- Un "Modelo de renovación urbana" desde la óptica de la arquitectura y el urbanismo; retos de la gestión público-privada |
| 650 14 - SUBJECT ADDED ENTRY--TOPICAL TERM | |
| Topical term or geographic name entry element | Rehabilitación urbana |
| Geographic subdivision | Medellín(Colombia) |
| 9 (RLIN) | 14392 |
| 650 24 - SUBJECT ADDED ENTRY--TOPICAL TERM | |
| Topical term or geographic name entry element | Desarrollo urbano |
| Geographic subdivision | Medellín(Colombia) |
| 9 (RLIN) | 14393 |
| 650 24 - SUBJECT ADDED ENTRY--TOPICAL TERM | |
| Topical term or geographic name entry element | Urbanismo |
| Geographic subdivision | Medellín(Colombia) |
| 9 (RLIN) | 14394 |
| 700 1# - ADDED ENTRY--PERSONAL NAME | |
| Personal name | Ángel Bernal, Margarita María, |
| Relator term | autora |
| 9 (RLIN) | 14395 |
| 942 ## - ADDED ENTRY ELEMENTS (KOHA) | |
| Source of classification or shelving scheme | Dewey Decimal Classification |
| Koha item type | Books |
| Withdrawn status | Lost status | Source of classification or shelving scheme | Damaged status | Not for loan | Collection code | Home library | Current library | Date acquired | Source of acquisition | Total Checkouts | Full call number | Barcode | Date last seen | Copy number | Price effective from | Koha item type |
|---|---|---|---|---|---|---|---|---|---|---|---|---|---|---|---|---|
| Dewey Decimal Classification | Non-fiction | Biblioteca Pública José María del Castillo y Rada | Biblioteca Pública José María del Castillo y Rada | 10/02/2020 | Donación | 711.40986126 / G283n | 201810512 | 05/16/2024 | Ej.1 | 03/04/2021 | Books |